000
00267nam a2200109Ia 4500
008
220204s9999 xx 000 0 und d
082
_a
82-3
_b
DUM
100
_a
Dumas, Alexandre
245
4
_a
The Man in the iron mask
260
_a
New York
_b
Airmont
_c
1967
942
_c
BK
999
_c
38257
_d
38257